| 000 | 00634nam a22001937a 4500 | ||
|---|---|---|---|
| 005 | 20251108165246.0 | ||
| 008 | 250721s1975 xx 000 0 ara d | ||
| 082 | 1 | 4 | _a572/كون |
| 100 | 1 | _aكون، كارلتون .أ.س | |
| 245 | 1 | 0 | _aالسلالات البشرية الحالية / |
| 264 | 1 |
_aالقاهره : _bمكتبة الأنجلو المصرية، _c1975. |
|
| 300 | _a420ص : مص ، مصطلحات | ||
| 650 | 1 | 7 | _aالأنثروبولوجيا |
| 650 | 1 | 7 | _aالإنسان |
| 700 | 1 | _aهنت، إدوارد .أ.س | |
| 700 | 1 |
_aغلاب، محمد السيد _eترجمة |
|
| 942 |
_2ddc _cBK |
||
| 999 |
_c23440 _d23440 |
||